Normal view
MARC view
Entry Topical Term
001 - CONTROL NUMBER
- control field: 53147
003 - CONTROL NUMBER IDENTIFIER
- control field: OSt
005 - DATE AND TIME OF LATEST TRANSACTION
- control field: 20250515160507.0
008 - FIXED-LENGTH DATA ELEMENTS
- fixed length control field: 250515|| aca||aabn | a|a d
040 ## - CATALOGING SOURCE
- Original cataloging agency: OSt
- Transcribing agency: OSt
150 ## - HEADING--TOPICAL TERM
- Topical term or geographic name entry element: Gatekeeping, Hiring, Justification, Morality, Video-election.
670 ## - SOURCE DATA FOUND
- Source citation: Work cat.: (OSt): Kobe, Keere, De 53146, Justifying employee gatekeeping: A video-elicitation and comparative study on resolving the moral unease of hiring
